Statistics for Airlines at FLL

Click here to take the quiz!

General Stats

  • This quiz has been taken 53 times
  • The average score is 13 of 26

Answer Stats

Answer% Correct
American Airlines
97%
United Airlines
97%
Delta Air Lines
95%
Spirit Airlines
95%
Southwest Airlines
92%
Frontier Airlines
76%
jetBlue Airways
73%
Alaska Airlines
70%
Avianca
65%
Allegiant Air
54%
WestJet Airlines
54%
Emirates
51%
Bahamasair
41%
Copa Airlines
41%
Silver Airways
41%
Caribbean Airlines
38%
Norwegian
38%
Air Canada Rouge
35%
Air Transat
30%
Azul Brazilian Airlines
30%
Sunwing Airlines
24%
Swoop
11%
TAME
11%
IBC Airways
8%
SkyBahamas Airlines
5%
Tropic Ocean Airways
5%

Score Distribution

Percentile by Number Answered

Percent of People with Each Score

Your Score History

You have not taken this quiz